| LEADER | 00657nam a2200157 4500 | ||
|---|---|---|---|
| 082 | |a 550 |b D 309 Đ | ||
| 100 | |a Diêu Đại Quân | ||
| 245 | |a Những bí mật của Trái đất |c Diêu Đại Quân, Hạ Vũ, Mục Chí Văn, Đoàn Mạnh Thế | ||
| 260 | |a H. |b Thanh niên |c 2000 | ||
| 300 | |a 332tr. |c 19cm | ||
| 500 | |a Bộ sách : Kiến thức là cả đại dương | ||
| 520 | |a v.v.... | ||
| 653 | |a Trái đất | ||
| 942 | |2 ddc |c STK0 | ||
| 999 | |c 3322 |d 3322 | ||
| 952 | |0 0 |1 0 |2 ddc |4 0 |6 550_000000000000000_D_309_Đ |7 0 |8 500 |9 35950 |a qbu |b qbu |c D3 |d 2014-12-16 |g 60000 |l 2 |o 550 D 309 Đ |p 4487.C1 |r 2015-11-23 |s 2015-11-23 |w 2014-12-16 |y STK0 |0 0 |6 550_D_309000000000000_Đ | ||